000 00389nam a2200145Ia 4500
008 230917s9999||||xx |||||||||||||| ||und||
040 _e60904
_aMAIN
041 _aEnglish
082 _a320.9054 D151D:P
100 _aDhawan, Gopinath
245 0 _aPolitical philosophy of Mahatma Gandhi
260 _aAhmedabad
_bAhmedabad Publishing House
_c1946
300 _aviii, 365 p.
942 _cBK
999 _c52843
_d52843